000 01397nam a22003977a 4500
003 CHAP
005 20220329140830.0
008 971013s1939 r 00010 d
010 _a58305
011 _a59277
035 _a63435
040 _cCHAP
082 _a330.15
_bS87Y
100 0 0 _aStrachey, John.
_9109936
245 _aNaturaleza de las crisis
260 _aMéxico :
_bFondo de Cultura Económica,
_c1939
300 _a448 p.
590 _aBATCH-UPD
_b10
_c20130110
_lUCH01
_h0542
590 _aBATCH-UPD
_b10
_c20130410
_lUCH01
_h0223
590 _aBATCH-UPD
_b10
_c20130914
_lUCH01
_h0844
590 _aCONVERSION
_b10
_c20130109
_lUCH01
_h1331
650 1 4 _aCapitalismo.
_918711
650 1 4 _aCiclos económicos.
_923078
650 1 4 _aEconomía.
_935226
650 1 4 _aValor.
_9117667
700 0 _aMarx, Karl.
_972726
901 _aBK
942 _cLIBRO
949 _a330.15 S87Y
_bBC
_cLIBRO
_d-136258
_eLIBRO
_h2283
_i63435
_si
949 _a330.15 S87Y
_bBC
_cLIBRO
_d-136259
_eLIBRO
_fc.2
_h2284
_i63435
_si
949 _a330.15 S87Y
_bBC
_cLIBRO
_d-136260
_eLIBRO
_fc.3
_h2285
_i63435
_si
949 _a330.15 S87Y
_bBC
_cLIBRO
_d-136261
_eLIBRO
_fc.4
_h2286
_i63435
_si
949 _a330.15 S87Y
_bBC
_cLIBRO
_d-136262
_eLIBRO
_fc.5
_h2287
_i63435
_si
949 _a330.15 S87Y
_bBC
_cLIBRO
_d-136263
_eLIBRO
_fc.6
_h2288
_i63435
_si
949 _a330.15 S87Y
_bBC
_cLIBRO
_d-136264
_eLIBRO
_fc.7
_h38443
_i63435
_si
999 _c58305
_d58305